[Event "USA Masters"]
[Site "Chicago"]
[Date "1990.??.??"]
[Round "4"]
[White "Martinovsky, Eugene"]
[Black "Rachels, Stuart"]
[Result "1/2-1/2"]
[WhiteElo "2340"]
[BlackElo "2380"]

1.d4 d5 2.c4 dxc4 3.Nf3 Nf6 4.e3 e6 5.Bxc4 c5 6.O-O a6 7.dxc5 Bxc5 8.Qxd8+ Kxd8
9.Rd1+ Ke7 10.a3 b5 11.Be2 Bb7 12.b4 Bb6 13.Bb2 Nbd7 14.Nbd2 Rhc8 15.Rac1 h6
16.h3 g5 17.Rxc8 Rxc8 18.Rc1 Rxc1+ 19.Bxc1 Ne4 20.Nxe4 Bxe4 21.Bb2 f6 22.Kf1 Bd5
23.Nd2 f5 24.g3 e5 25.g4 fxg4 26.Bxg4 Nf6 27.Bc8 Be6 28.Bxe6 Kxe6 29.f3 Nd5
30.Ke2 Bc7 31.Ne4 Bb6 32.Bc1 Ne7 33.Nc3 Nf5 34.Kd3 Nh4 35.Ke4 Nf5  1/2-1/2

[Event "Dresden (Women)"]
[Site "Dresden"]
[Date "1990.??.??"]
[Round "?"]
[White "Ramon, Vivian"]
[Black "Muresan, Margareta"]
[Result "1/2-1/2"]
[WhiteElo "2215"]
[BlackElo "2195"]

1.d4 d5 2.c4 dxc4 3.Nf3 Nf6 4.e3 c5 5.Bxc4 e6 6.O-O a6 7.dxc5 Qxd1 8.Rxd1 Bxc5
9.b3 b5 10.Be2 Bb7 11.Bb2 Nbd7  1/2-1/2

[Event "FIN-chT"]
[Site "?"]
[Date "1990.??.??"]
[Round "?"]
[White "Kanko, Ilkka"]
[Black "Kujala, Auvo"]
[Result "1/2-1/2"]
[WhiteElo "2290"]
[BlackElo "2285"]

1.d4 d5 2.c4 dxc4 3.e3 Nf6 4.Bxc4 e6 5.Nf3 c5 6.O-O a6 7.Qe2 b5 8.Bd3 Nc6
9.dxc5 Bxc5 10.a3 Bd6 11.b4 Ne5 12.Nxe5 Bxe5 13.Ra2 O-O 14.f4 Bc7 15.Rc2 Bb6
16.Kh1 Bb7 17.e4 Rc8 18.Rxc8 Qxc8 19.Nd2 Rd8 20.Bb1 h5  1/2-1/2

[Event "BL2-N8990"]
[Site "Germany"]
[Date "1990.??.??"]
[Round "?"]
[White "Weiss Nowak, Christian"]
[Black "Sperlich, Olaf"]
[Result "0-1"]
[WhiteElo "2255"]
[BlackElo "2325"]

1.d4 d5 2.c4 dxc4 3.Nf3 Nf6 4.e3 e6 5.Bxc4 c5 6.O-O a6 7.Qe2 Nc6 8.Nc3 Qc7
9.Bd3 b5 10.Bd2 Bb7 11.Rac1 Qb6 12.Ne4 cxd4 13.exd4 Nd5 14.Rfe1 h6 15.Nc5 Bxc5
16.dxc5 Qc7 17.Qe4 Rd8 18.Qg4 Nf6 19.Qxg7 Rg8 20.Qxf6 Rxd3 21.Bxh6 Rxf3 22.Qxf3 Ne5
23.Qf6 Qc6 24.f3 Nxf3+ 25.Kf2 Nxe1 26.Kxe1 Qe4+ 27.Kd1 Rxg2  0-1

[Event "FIN-EST"]
[Site "Helsinki"]
[Date "1990.??.??"]
[Round "?"]
[White "Veingold, Aleksandr"]
[Black "Westerinen, Heikki MJ"]
[Result "1/2-1/2"]
[WhiteElo "2435"]
[BlackElo "2475"]

1.Nf3 Nf6 2.d4 d5 3.c4 dxc4 4.e3 e6 5.Bxc4 c5 6.O-O Nc6 7.Nc3 Be7 8.dxc5 Qxd1
9.Rxd1 Bxc5 10.a3 Ke7 11.b4 Bd6 12.Bb2 Bd7  1/2-1/2

[Event "Katowice op"]
[Site "Katowice"]
[Date "1990.??.??"]
[Round "6"]
[White "Sygulski, Boguslaw"]
[Black "Arbakov, Valentin"]
[Result "1/2-1/2"]
[WhiteElo "2355"]
[BlackElo "2415"]

1.d4 Nf6 2.Nf3 d5 3.c4 dxc4 4.e3 e6 5.Bxc4 c5 6.O-O Nc6 7.Qe2 Qc7 8.Rd1 a6
9.a4 Be7 10.Nc3 O-O 11.b3 cxd4 12.exd4 Na5 13.Bg5 Nxb3 14.Bxb3 Qxc3 15.Rab1 Qc7
16.Ne5 Nd5 17.Bxd5 Bxg5 18.Be4 g6 19.g3 Rb8 20.a5 b5 21.h4 Bh6 22.Nc6 Rb7
23.h5 Qd6 24.hxg6 hxg6 25.Ne5 Rc7 26.Qg4 Bg7 27.Qf4 Rd8 28.Rdc1 Bb7 29.Rxc7 Qxc7
30.Rc1 Bxe5 31.Rxc7 Bxf4 32.Rxb7 Rxd4 33.Bc6 Bd2 34.Ra7 Ra4 35.Rxa6 Ra1+
36.Kg2 b4 37.Ra7 Kf8 38.Be4 Ra2 39.Kf1 Bc3 40.Ra8+ Ke7 41.a6 Bd4 42.f4 f5
43.Bd3 Rf2+ 44.Ke1 Rf3 45.a7 Bxa7 46.Rxa7+ Kf6 47.Kd2 Rxg3 48.Rb7 Rg4 49.Rxb4 g5
50.fxg5+ Kxg5 51.Rxg4+  1/2-1/2

[Event "Katowice op"]
[Site "Katowice"]
[Date "1990.??.??"]
[Round "11"]
[White "Kalinin, Oleg"]
[Black "Vaulin, Alexander"]
[Result "0-1"]
[WhiteElo "2430"]
[BlackElo "2390"]

1.d4 d5 2.c4 dxc4 3.Nf3 Nf6 4.e3 e6 5.Bxc4 c5 6.O-O a6 7.a4 Nc6 8.Qe2 cxd4
9.Rd1 Be7 10.exd4 O-O 11.Nc3 Nb4 12.Ne5 b6 13.Bg5 Bb7 14.Rac1 Rc8 15.Bb3 Qd6
16.Bxf6 Bxf6 17.Ne4 Bxe4 18.Qxe4 Rxc1 19.Rxc1 Rd8 20.Nf3 g6 21.Rd1 Nc6 22.Bc4 Nxd4
23.Nxd4 Bxd4 24.Kh1 a5 25.b3 Kg7 26.g3 e5 27.f3 Rd7 28.Kg2 Qc5 29.Qe2 Qc7
30.Bb5 Re7 31.Bc4 Qc5 32.Rf1 f5 33.Rd1 Qc7 34.Qd3 Rd7 35.Qe2 Qc5 36.Qc2 Qe7
37.Re1 Rc7 38.Qe2 Qf6 39.Rd1 Re7 40.Qd3 Rd7 41.Qc2 h5 42.Bd3 h4 43.Qc8 Re7
44.Qc2 Qg5 45.Qe2 Bc5 46.Bc2 e4 47.fxe4 fxe4 48.Rf1 e3 49.Rf4 Qd5+ 50.Kh3 hxg3
51.Rg4 Qh5+ 52.Kxg3 Bd6+ 53.Kg2 Qxh2+ 54.Kf3 Qh3+  0-1

[Event "Katowice op"]
[Site "Katowice"]
[Date "1990.??.??"]
[Round "11"]
[White "Kalinitschew, Sergey"]
[Black "Twardon, Marian"]
[Result "1/2-1/2"]
[WhiteElo "2465"]
[BlackElo "2300"]

1.d4 d5 2.c4 dxc4 3.e3 Nf6 4.Bxc4 e6 5.Nf3 c5 6.O-O a6 7.a4 Nc6 8.Qe2 cxd4
9.Rd1 Be7 10.exd4 O-O 11.Nc3 Nd5 12.Ba2 Ncb4 13.Bb1 b6 14.Qe4 g6 15.Bh6 Re8
16.Ne5 Bb7 17.Qf3 f5 18.Qh3 Bg5 19.Ne2 Rc8 20.Ra3 Nc6 21.Rg3 Bxh6 22.Qxh6 Nxe5
23.dxe5 Nf4 24.Rxg6+ Nxg6 25.Rxd8 Rexd8 26.h4 Rd1+ 27.Kh2 Rc4 28.f4 Rxb1
29.h5 Nf8 30.Qg5+ Kf7 31.h6 Ke8 32.Qh5+ Ke7 33.Qh4+ Ke8 34.Qh5+ Ke7 35.Qg5+ Ke8
36.Qh5+ Ke7 37.Qg5+ Ke8 38.Qh5+  1/2-1/2

[Event "Balkaniad"]
[Site "Kavala"]
[Date "1990.??.??"]
[Round "4"]
[White "Petraki, Maria"]
[Black "Chilingirova, Pavlina"]
[Result "1-0"]
[WhiteElo "2055"]
[BlackElo "2195"]

1.d4 d5 2.c4 dxc4 3.Nf3 e6 4.e3 c5 5.Bxc4 Nf6 6.O-O Nc6 7.Qe2 a6 8.a4 Qc7
9.Rd1 Be7 10.Nc3 O-O 11.h3 b6 12.d5 exd5 13.Bxd5 Bb7 14.e4 Rad8 15.Bg5 Nd4
16.Nxd4 Nxd5 17.Nxd5 Bxd5 18.Bxe7 Qxe7 19.exd5  1-0

[Event "Kecskemet op"]
[Site "Kecskemet"]
[Date "1990.??.??"]
[Round "?"]
[White "Arkhipov, Sergey"]
[Black "Vaulin, Alexander"]
[Result "1/2-1/2"]
[WhiteElo "2440"]
[BlackElo "2390"]

1.d4 d5 2.c4 dxc4 3.e3 c5 4.Bxc4 e6 5.Nf3 Nf6 6.O-O a6 7.a4 Nc6 8.Nc3 Qc7
9.d5 exd5 10.Nxd5 Nxd5 11.Qxd5 Bd6 12.Rd1 Ne5 13.Ng5 O-O 14.Qe4 g6 15.Qh4 h5
16.Bd5 Be7 17.Qf4 Bd6 18.Ne4 Bg4 19.Nxd6 Bxd1 20.Nxf7 Nf3+ 21.gxf3 Qxf4 22.exf4 Rxf7
23.Be3 Bc2 24.Bxc5 Rd8 25.Bxf7+ Kxf7 26.Kg2 Rd1 27.Ra2 Bb3 28.Ra3 Rd3 29.Be3 Bc2
30.a5 Ke6 31.Ra1 Rd1 32.Ra2 Bb3 33.Ra3 Rd3 34.Kg3 Kf5 35.Kh4 Bc2 36.Ra1 Rd1
37.Ra2 Bb3 38.Ra3 Rd3 39.Kg3 Bc2 40.Ra1  1/2-1/2

[Event "JUG-ch playoff"]
[Site "Kladovo"]
[Date "1990.??.??"]
[Round "1"]
[White "Kozul, Zdenko"]
[Black "Damljanovic, Branko"]
[Result "1-0"]
[WhiteElo "2575"]
[BlackElo "2535"]

1.d4 d5 2.Nf3 Nf6 3.c4 dxc4 4.e3 e6 5.Bxc4 c5 6.O-O a6 7.a3 b5 8.Ba2 Bb7
9.Nc3 Be7 10.Qe2 Nbd7 11.Rd1 Qb8 12.e4 cxd4 13.Nxd4 Bd6 14.g3 O-O 15.f3 Re8
16.Be3 Bc7 17.Rac1 h5 18.b4 Nf8 19.a4 h4 20.g4 bxa4 21.Nxa4 Bf4 22.Nc5 Ng6
23.Bxf4 Nxf4 24.Qd2 g5 25.Ne2 Nxe2+ 26.Qxe2 Bc6 27.Qd2 Qf4 28.Nxe6 fxe6 29.Qxf4 gxf4
30.Rxc6 Kf7 31.g5 Nh7 32.Rd7+  1-0

[Event "RSFSR-ch"]
[Site "Kuibishev"]
[Date "1990.??.??"]
[Round "?"]
[White "Doroshkievich, Vladimir K"]
[Black "Poluljahov, Aleksandr"]
[Result "1/2-1/2"]
[WhiteElo "2360"]
[BlackElo "2415"]

1.d4 d5 2.c4 dxc4 3.Nf3 Nf6 4.e3 e6 5.Bxc4 c5 6.dxc5 Qxd1+ 7.Kxd1 Bxc5 8.a3 a6
9.b4 Bd6 10.Bb2 b5 11.Bd3 Nbd7 12.Nbd2 Bb7 13.Ke2  1/2-1/2

[Event "Kuopio op"]
[Site "Kuopio"]
[Date "1990.??.??"]
[Round "?"]
[White "Hermlin, Aarne"]
[Black "Westerinen, Heikki MJ"]
[Result "1/2-1/2"]
[WhiteElo "2355"]
[BlackElo "2475"]

1.d4 d5 2.c4 dxc4 3.e3 e6 4.Bxc4 Nf6 5.Nf3 c5 6.O-O Nc6 7.Nc3 Be7 8.dxc5 Qxd1
9.Rxd1 Bxc5 10.a3 Ke7 11.b4 Bd6 12.Bb2 Rd8  1/2-1/2

[Event "Leon"]
[Site "Leon"]
[Date "1990.??.??"]
[Round "6"]
[White "Bass, Leonid"]
[Black "Magem Badals, Jorge"]
[Result "1-0"]
[WhiteElo "2485"]
[BlackElo "2460"]

1.d4 d5 2.c4 dxc4 3.Nf3 Nf6 4.e3 e6 5.Bxc4 c5 6.O-O a6 7.Bd3 cxd4 8.exd4 Nc6
9.Nc3 Nb4 10.Bb1 Be7 11.Ne5 O-O 12.Bg5 Bd7 13.a3 Nbd5 14.Qd3 g6 15.Ba2 Bc6
16.Rfe1 Qd6 17.Qh3 Rac8 18.Bxf6 Bxf6 19.Ne4 Qd8 20.Bxd5 exd5 21.Nxf6+ Qxf6
22.Qg3 Rfd8 23.h4 Be8 24.Rad1 Qd6 25.Qf3 f6 26.Ng4 Rc6 27.Rc1 h5 28.Rxc6 Bxc6
29.Nxf6+ Kg7 30.Nh7 Bd7 31.Ng5 Rf8 32.Qe3 Re8 33.Qd2 Rc8 34.Re5 Bf5 35.Qa5  1-0

[Event "Maribor"]
[Site "Maribor"]
[Date "1990.??.??"]
[Round "2"]
[White "Gostisa, Leon"]
[Black "Radulov, Ivan"]
[Result "1/2-1/2"]
[WhiteElo "2420"]
[BlackElo "2400"]

1.d4 d5 2.Nf3 Nf6 3.c4 dxc4 4.e3 e6 5.Bxc4 c5 6.O-O a6 7.a3 b5 8.Ba2 Bb7
9.Qe2 Nbd7 10.Rd1 cxd4 11.exd4 Be7 12.Nc3 Nb6 13.Bg5 O-O 14.Ne5 Nbd5 15.Bb1 Nxc3
16.bxc3 Nd5 17.Bd2 Bg5 18.Be4 Bxd2 19.Qxd2 Rc8 20.Rdc1 Rc7 21.a4 Nf6 22.Bxb7 Rxb7
23.axb5 axb5 24.Rab1 Qd5  1/2-1/2

[Event "Moscow (Women)"]
[Site "Moscow"]
[Date "1990.??.??"]
[Round "?"]
[White "Alekhina, Natalia V"]
[Black "Nepeina Leconte, Maria"]
[Result "1/2-1/2"]
[WhiteElo "2215"]
[BlackElo "2215"]

1.d4 d5 2.c4 dxc4 3.e3 Nf6 4.Bxc4 e6 5.Nf3 c5 6.O-O a6 7.a4 Nc6 8.Nc3 Be7
9.Ne5 O-O 10.Nxc6 bxc6 11.dxc5 Qxd1 12.Rxd1 a5 13.b3 Bxc5 14.Ba3 Bxa3 15.Rxa3 Bb7
16.Raa1 Rfd8 17.h3 Kf8  1/2-1/2

[Event "Moscow (Women)"]
[Site "Moscow"]
[Date "1990.??.??"]
[Round "?"]
[White "Prudnikova, Svetlana"]
[Black "Fomina, Tatyana"]
[Result "1/2-1/2"]
[WhiteElo "2265"]
[BlackElo "2220"]

1.d4 d5 2.c4 dxc4 3.Nf3 Nf6 4.e3 e6 5.Bxc4 c5 6.Qe2 a6 7.Bd3 Nbd7 8.Bc2 cxd4
9.Nxd4 Qc7 10.O-O b5 11.a3 Bb7 12.Nc3 Bd6 13.h3 Bh2+ 14.Kh1 Be5 15.f4 Bxd4
16.exd4 O-O 17.f5 Qg3 18.Kg1 e5 19.dxe5 Qxe5 20.Qxe5 Nxe5 21.Bf4 Rfe8 22.Rae1 Nc4
23.Bc1 Rac8 24.Rxe8+ Rxe8 25.Nd1 Re2 26.Rf2 Re1+ 27.Rf1 Re2 28.Rf2  1/2-1/2

[Event "Novi Sad ol (Men)"]
[Site "Novi Sad"]
[Date "1990.??.??"]
[Round "4"]
[White "Groszpeter, Attila"]
[Black "Ricardi, Pablo"]
[Result "1/2-1/2"]
[WhiteElo "2555"]
[BlackElo "2405"]

1.d4 d5 2.c4 dxc4 3.e3 Nf6 4.Bxc4 e6 5.Nf3 c5 6.O-O a6 7.a4 Nc6 8.Qe2 cxd4
9.Rd1 Be7 10.exd4 O-O 11.Nc3 Nd5 12.Bd2 Ncb4 13.Rac1 Bd7 14.Ne5 Rc8 15.b3 Be8
16.h3 Kh8 17.Nxd5 exd5 18.Bxb4 Bxb4 19.Bd3 f6 20.Ng4 Bh5 21.Qe6 Rxc1 22.Rxc1 Re8
23.Qf5 Bg6 24.Qf3 Be4 25.Bxe4 dxe4 26.Qf5 Qxd4 27.Rc8 Qd1+ 28.Kh2 Qd6+ 29.g3 Qf8
30.Rc7 b6 31.h4 Bd2 32.h5 h6 33.Rb7 Bg5 34.Rxb6 e3 35.fxe3 Bxe3 36.Re6 Bg5
37.Nf2 Rb8 38.Rxa6 Rxb3 39.Rc6 Rb8 40.a5 Qe8 41.Qf3 Rb2 42.Ra6 Be3 43.Ra8 Rxf2+  1/2-1/2

[Event "Porz Citroen-Cup"]
[Site "Porz"]
[Date "1990.??.??"]
[Round "7"]
[White "Bany, Jerzy"]
[Black "Schulz, Klaus Juergen"]
[Result "1-0"]
[WhiteElo "2430"]
[BlackElo "2385"]

1.d4 d5 2.Nf3 Nf6 3.c4 dxc4 4.e3 e6 5.Bxc4 c5 6.O-O a6 7.b3 b5 8.Be2 Bb7
9.Bb2 Nbd7 10.Nbd2 Be7 11.a4 bxa4 12.Rxa4 Nb6 13.Ra1 O-O 14.Ne5 Nfd7 15.Bf3 Bxf3
16.Ndxf3 Nxe5 17.Nxe5 Nd5 18.Nc6 Qc7 19.Nxe7+ Qxe7 20.dxc5 Rfc8 21.Qg4 f6
22.e4 Nc7 23.Rfd1 Rab8 24.Rd3 Rd8 25.Rad1 Rxd3 26.Rxd3 Rd8 27.Rd6 Kf8 28.Qd1 Ke8
29.e5 f5 30.Qh5+ g6 31.Qe2 Qh4 32.h3 Qb4 33.Qd1 Rxd6 34.Qxd6 Qe1+ 35.Kh2 Qxf2
36.Qxc7 Qf4+ 37.Kg1 Qe3+ 38.Kh1  1-0

[Event "Bohemians-B"]
[Site "Prague"]
[Date "1990.??.??"]
[Round "?"]
[White "Danner, Georg"]
[Black "Spacek, Petr"]
[Result "1/2-1/2"]
[WhiteElo "2330"]
[BlackElo "2410"]

1.d4 d5 2.Nf3 Nf6 3.c4 dxc4 4.e3 e6 5.Bxc4 c5 6.O-O a6 7.Qe2 b5 8.Bb3 Bb7
9.Nc3 Nbd7 10.Rd1 Bd6 11.e4 cxd4 12.Rxd4 Bc5 13.Rd3 Ng4 14.Bg5 Qb6 15.Bh4 Nde5
16.Nxe5 Nxe5 17.Rd2 O-O 18.Rad1 Ng6 19.Bg3 Rfd8 20.h4 Rxd2 21.Rxd2 Rd8 22.h5 Nf8
23.h6 gxh6 24.Bf4 Rxd2 25.Qxd2 h5 26.Bh6 Ng6 27.Bc2 Qd6 28.Qxd6 Bxd6 29.Ne2 Bc5
30.Nf4 Bd4 31.b3 Ne5 32.Bg5 Kg7 33.Bh4 Kh6 34.Kf1 Ng6 35.Bg3 Be5 36.Nxg6 Bxg3
37.Nh8 Bc7 38.Nxf7+ Kg6 39.Nd6 Bc6 40.e5+ Kg5 41.Nf7+ Kg4 42.g3 h4 43.Bd1+ Kf5
44.Bc2+ Kg4 45.Bd1+ Kf5 46.Bc2+  1/2-1/2

[Event "Vysehrad"]
[Site "Prague"]
[Date "1990.??.??"]
[Round "10"]
[White "Cech, Pavel"]
[Black "Szymczak, Zbigniew"]
[Result "1/2-1/2"]
[WhiteElo "2230"]
[BlackElo "2345"]

1.d4 d5 2.c4 dxc4 3.e3 Nf6 4.Bxc4 e6 5.Nf3 c5 6.O-O a6 7.dxc5 Bxc5 8.Qe2 O-O
9.e4 Nc6 10.e5 Nd7 11.Bf4 Qc7 12.Nbd2  1/2-1/2

[Event "San Benedetto op"]
[Site "San Benedetto"]
[Date "1990.??.??"]
[Round "?"]
[White "Marinelli, Tullio"]
[Black "Lantini, Marco"]
[Result "1-0"]
[WhiteElo "2400"]
[BlackElo "2245"]

1.d4 d5 2.Nf3 Nf6 3.c4 dxc4 4.e3 e6 5.Bxc4 c5 6.O-O a6 7.Qe2 b5 8.Bd3 cxd4
9.exd4 Nbd7 10.a4 bxa4 11.Nc3 Be7 12.Bf4 Nb6 13.Nxa4 Nbd5 14.Be5 O-O 15.Nc5 a5
16.Rfc1 g6 17.Ra3 Bd7 18.Ng5 Rc8 19.Ba6 Rc6 20.Bb7 Rb6 21.Bxd5 exd5 22.Nxd7 Qxd7
23.Rxa5 Ng4 24.Nf3 f6 25.Bf4 Bd8 26.h3 g5 27.Bg3 Re8 28.Rxd5 Rc6 29.Rxc6 Qxc6
30.Rxd8 Qc1+ 31.Qf1 Qxf1+ 32.Kxf1 Rxd8 33.hxg4 Rd5 34.b4  1-0

[Event "ARG-ch"]
[Site "San Luis"]
[Date "1990.??.??"]
[Round "2"]
[White "Panno, Oscar"]
[Black "Soppe, Guillermo"]
[Result "1-0"]
[WhiteElo "2510"]
[BlackElo "2405"]

1.d4 d5 2.c4 e6 3.Nf3 c6 4.e3 Nf6 5.Bd3 dxc4 6.Bxc4 c5 7.O-O Nc6 8.Qe2 a6
9.a4 Qc7 10.Nc3 Bd6 11.Rd1 O-O 12.Bd2 b6 13.d5 exd5 14.Nxd5 Nxd5 15.Bxd5 Rb8
16.h3 Ne7 17.Bc4 a5 18.Bc3 Bb7 19.Ng5 g6 20.Qg4 h5 21.Bxf7+ Rxf7 22.Qe6 Bh2+
23.Kh1  1-0

[Event "SWZ-GP"]
[Site "?"]
[Date "1990.??.??"]
[Round "8"]
[White "Dizdarevic, Emir"]
[Black "Gheorghiu, Florin"]
[Result "1/2-1/2"]
[WhiteElo "2475"]
[BlackElo "2470"]

1.d4 d5 2.c4 dxc4 3.e3 Nf6 4.Nf3 e6 5.Bxc4 c5 6.dxc5 Qxd1+ 7.Kxd1 Bxc5 8.Ke2 a6
9.Rd1 Nc6 10.a3 b5 11.Bd3 Bb7 12.b4 Be7 13.Bb2 O-O 14.Nbd2 Nd5 15.Rdc1 a5  1/2-1/2

[Event "Tarrassa"]
[Site "Tarrassa"]
[Date "1990.??.??"]
[Round "8"]
[White "Nogueiras, Jesus"]
[Black "Magem Badals, Jorge"]
[Result "1-0"]
[WhiteElo "2555"]
[BlackElo "2460"]

1.d4 d5 2.c4 dxc4 3.Nf3 Nf6 4.e3 e6 5.Bxc4 c5 6.Qe2 a6 7.dxc5 Bxc5 8.O-O Qc7
9.Nbd2 Nc6 10.a3 Bd7 11.b4 Bd6 12.Bb2 Ne5 13.Rac1 Qb8 14.Nxe5 Bxe5 15.Bxe5 Qxe5
16.Nf3 Qb8 17.Qb2 O-O 18.Ne5 Ba4 19.Be2 Rd8 20.Bf3 Nd5 21.h3 Qd6 22.Nc4 Qc7
23.Na5 Qe7 24.Rfe1 e5 25.Be4 Rab8 26.Bc2 Bxc2 27.Rxc2 e4 28.Rd2 Nf6 29.Red1 Rdc8
30.Rd4 h6 31.Nc4 Qe6 32.Nd6 Rc7 33.Qb1 Re7 34.Qc2 g6 35.a4 Kh7 36.a5 Kg7
37.Qb2 Kg8 38.b5 axb5 39.Nxb5 Qe5 40.Qb4 Kg7 41.Nd6 Ra8 42.Nxb7 Rxb7 43.Qxb7 Rxa5
44.Qb2 Rb5 45.Qa1 h5 46.Ra4 h4 47.Qxe5 Rxe5 48.Rdd4 Re7 49.Kf1 Re6 50.Ke2 g5
51.Ra5 Kg6 52.Rb4 Rc6 53.Rbb5 Nh7 54.Rb2 Nf8 55.Rab5 Rc1 56.R5b4 Rg1 57.Rxe4 Rxg2
58.Kf1 Rh2 59.Kg1  1-0

[Event "Val Thorens op"]
[Site "Val Thorens"]
[Date "1990.??.??"]
[Round "8"]
[White "Anic, Darko"]
[Black "Kallai, Gabor"]
[Result "1/2-1/2"]
[WhiteElo "2405"]
[BlackElo "2420"]

1.Nf3 d5 2.d4 Nf6 3.c4 dxc4 4.e3 e6 5.Bxc4 c5 6.O-O a6 7.a4 Nc6 8.Qe2 cxd4
9.Rd1 Be7 10.exd4 O-O 11.Nc3 Nb4 12.Ne5 Bd7 13.Bg5 Rc8 14.Bb3 Bc6  1/2-1/2

[Event "Warsaw"]
[Site "Warsaw"]
[Date "1990.??.??"]
[Round "7"]
[White "Chekhov, Valery A"]
[Black "Balashov, Yuri S"]
[Result "1/2-1/2"]
[WhiteElo "2455"]
[BlackElo "2535"]

1.Nf3 d5 2.d4 Nf6 3.c4 dxc4 4.e3 e6 5.Bxc4 c5 6.O-O a6 7.dxc5 Bxc5 8.Qxd8+ Kxd8
9.Rd1+ Ke7 10.a3 Bd7 11.Nbd2 Rd8 12.b3 Nc6 13.Bb2 Be8 14.b4 Bb6 15.Nb3 Rxd1+
16.Rxd1  1/2-1/2

[Event "Wiesbaden op"]
[Site "Wiesbaden"]
[Date "1990.??.??"]
[Round "?"]
[White "Lobron, Eric"]
[Black "Kallai, Gabor"]
[Result "1/2-1/2"]
[WhiteElo "2545"]
[BlackElo "2420"]

1.d4 d5 2.c4 dxc4 3.Nf3 Nf6 4.e3 c5 5.Bxc4 e6 6.O-O a6 7.a4 Nc6 8.Qe2 cxd4
9.Rd1 Be7 10.exd4 O-O 11.Nc3 Nb4 12.Ne5 Bd7 13.Bf4 Be8 14.Rac1 Nbd5 15.Qf3 Nxf4
16.Qxf4 Rc8 17.Ba2 Bc6 18.Nxc6 Rxc6 19.Qf3 Qb8 20.d5 exd5 21.Bxd5 Rc7 22.Bb3 b5
23.axb5 axb5 24.g3 b4 25.Ne2 Rxc1 26.Rxc1 Qe5 27.Rc2 g6 28.Nf4 Kg7 29.Re2 Qd6
30.Qb7 Nd7 31.Re1 Bf6 32.Rd1 Nc5 33.Rxd6 Nxb7 34.Rd7 Nc5 35.Ne6+ Nxe6 36.Bxe6 Bxb2
37.Rb7 Bc3 38.Kg2  1/2-1/2

[Event "Wuppertal (Women)"]
[Site "Wuppertal"]
[Date "1990.??.??"]
[Round "4"]
[White "Fischdick, Gisela"]
[Black "Chilingirova, Pavlina"]
[Result "1-0"]
[WhiteElo "2285"]
[BlackElo "2195"]

1.d4 d5 2.c4 dxc4 3.Nf3 Nf6 4.e3 c5 5.Bxc4 e6 6.O-O Nc6 7.Qe2 cxd4 8.exd4 Be7
9.Rd1 O-O 10.Nc3 a6 11.d5 exd5 12.Nxd5 Nxd5 13.Bxd5 Qc7 14.Be3 Bg4 15.Rac1 Bd6
16.h3 Bh5 17.Qc4 Rac8 18.Qh4 Bg6 19.Qa4 Rfd8 20.Bxc6 bxc6 21.Qxa6 Be4 22.Bb6 Qb8
23.Bxd8 Rxd8 24.Qe2 Bd5 25.b3 Qa8 26.Rd3 Bf4 27.Re1 h6 28.Rd4 Bd6 29.Ra4 Qc8
30.Qe3 Qf5 31.Rg4 g5 32.Nxg5 h5 33.Rh4 Qg6 34.g3 f6 35.Ne4 Be7 36.Nc3 Bf8
37.Nxd5 cxd5 38.Qf3 d4 39.Rxh5 d3 40.Rd1 Bb4 41.Rh4  1-0

[Event "Acasusso op"]
[Site "Acasusso"]
[Date "1991.??.??"]
[Round "5"]
[White "Quiroga, Sergio"]
[Black "Tempone, Marcelo"]
[Result "0-1"]
[WhiteElo "2270"]
[BlackElo "2460"]

1.d4 d5 2.c4 dxc4 3.Nf3 Nf6 4.e3 e6 5.Bxc4 c5 6.O-O a6 7.a4 Nc6 8.Qe2 cxd4
9.Rd1 Be7 10.exd4 O-O 11.Nc3 Nd5 12.Ne4 Ncb4 13.Bg5 Bxg5 14.Nexg5 h6 15.Ne4 b6
16.a5 Bb7 17.Ne5 f5 18.Nc3 Rc8 19.Qd2 bxa5 20.Bf1 Nf6 21.f3 Kh7 22.Nc4 Bd5
23.Nxa5 Qb6 24.Qf2 Rfd8 25.Rd2 Ba2 26.Nxa2 Qxa5 27.b3 Nc6 28.Rad1 Rd6 29.Nc1 Qb6
30.d5 Qxf2+ 31.Kxf2 Ne7 32.Ra2 a5 33.Rxa5 Rc2+ 34.Kg1 Nexd5 35.Ne2 Rb2 36.Nf4 Rc6
37.Nxd5 Nxd5 38.Re1 Rxb3 39.Rb5 Ra3 40.Rb2 Kg6 41.Bb5 Rb6 42.Be8+ Kf6 43.Rxb6 Nxb6
44.Bc6 Rc3 45.Bb7 Rc2 46.Ba6 Nd5 47.Re2 Rc1+ 48.Kf2 g5 49.g3 h5 50.Rd2 f4
51.gxf4 Nxf4 52.Bf1 Rc3 53.Ra2 Ng6 54.Rb2 Nh4 55.Be2 Rc1 56.Bd3 Rh1 57.Ke3 Rg1
58.Be4 Rg2 59.Rxg2 Nxg2+ 60.Kf2 Nh4 61.Bb7 Nf5 62.Ba8 Ke5 63.h3 h4 64.Bb7 Ng3
65.Ba8 Nh5  0-1

[Event "Anapa"]
[Site "Anapa"]
[Date "1991.??.??"]
[Round "?"]
[White "Poluljahov, Aleksandr"]
[Black "Sher, Miron N"]
[Result "1-0"]
[WhiteElo "2380"]
[BlackElo "2450"]

1.d4 Nf6 2.Nf3 d5 3.c4 dxc4 4.e3 e6 5.Bxc4 c5 6.Qe2 cxd4 7.exd4 Bb4+ 8.Nc3 O-O
9.O-O b6 10.Bg5 Bb7 11.Rad1 Bxc3 12.bxc3 Nbd7 13.Bd3 Qc7 14.c4 Rac8 15.Ne5 Nxe5
16.dxe5 Nd7 17.Rfe1 Rfe8 18.Qh5 Nf8 19.Re3 Qc6 20.Be4 Qc7 21.Bd3 Qc6 22.Rg3 Rc7
23.Bxh7+ Nxh7 24.Bf6  1-0

[Event "Anapa"]
[Site "Anapa"]
[Date "1991.??.??"]
[Round "?"]
[White "Doroshkievich, Vladimir K"]
[Black "Savon, Vladimir A"]
[Result "1/2-1/2"]
[WhiteElo "2350"]
[BlackElo "2460"]

1.d4 d5 2.c4 dxc4 3.Nf3 Nf6 4.e3 e6 5.Bxc4 c5 6.dxc5 Qxd1+ 7.Kxd1 Bxc5 8.a3 Nc6
9.Ke2 a6 10.b4 Bd6 11.Bb2  1/2-1/2

[Event "Athens"]
[Site "Athens"]
[Date "1991.??.??"]
[Round "7"]
[White "Andrianov, Nikolai"]
[Black "Radulov, Ivan"]
[Result "1/2-1/2"]
[WhiteElo "2445"]
[BlackElo "2405"]

1.d4 d5 2.c4 dxc4 3.Nf3 Nf6 4.e3 c5 5.Bxc4 e6 6.O-O a6 7.Qe2 Nc6 8.Rd1 Qc7
9.Nc3 b5 10.Bd3 Bd6 11.dxc5 Bxc5  1/2-1/2

[Event "URS Spartakiada (Women)"]
[Site "Azov"]
[Date "1991.??.??"]
[Round "4"]
[White "Alieva, Elvira"]
[Black "Mamedova, Rena"]
[Result "1/2-1/2"]
[WhiteElo "2170"]
[BlackElo "2070"]

1.d4 d5 2.c4 dxc4 3.Nf3 Nf6 4.e3 e6 5.Bxc4 c5 6.O-O a6 7.Qe2 b5 8.Bd3 cxd4
9.exd4 Bb7 10.Rd1 Nbd7 11.Nc3 Be7 12.Ne5 O-O 13.Bg5 h6 14.Bd2 Nb6 15.Re1 Qxd4
16.Ng6 Rfe8 17.Nxe7+ Rxe7 18.Be3 Qd8 19.Rad1 Rd7 20.Bc2 Nc4 21.Bc1 Rc8 22.Rxd7 Qxd7
23.Rd1 Qc6 24.f3 b4 25.Ne4 Nxe4 26.Bxe4 Qc5+ 27.Kh1 Bxe4 28.fxe4 Ne5 29.Bf4 Ng6
30.Qf3 Nxf4 31.Qxf4 Qg5 32.Qxg5 hxg5 33.Kg1 Rc2 34.Rd6 Rxb2 35.Rxa6 Re2 36.Ra4 Rxe4
37.a3 Re1+ 38.Kf2 Ra1 39.Rxb4 Rxa3 40.Rb7 Ra5 41.h3 Rf5+ 42.Ke3 Kh7 43.Rb8 Kg6
44.Ra8 Rb5 45.Ra6 Rb3+ 46.Kf2 Rb4 47.Ra7 g4 48.h4 f5 49.Ra6 Kf6 50.g3 Rb2+
51.Kg1 Rb7 52.Kf2 Re7 53.Ke3 g5 54.hxg5+ Kxg5 55.Ra8 Rb7 56.Re8 Kf6 57.Kf2  1/2-1/2

[Event "URS Spartakiada (Women)"]
[Site "Azov"]
[Date "1991.??.??"]
[Round "5"]
[White "Shumiakina, Tatiana"]
[Black "Mamedova, Rena"]
[Result "1-0"]
[WhiteElo "2290"]
[BlackElo "2070"]

1.d4 d5 2.c4 dxc4 3.Nf3 Nf6 4.e3 e6 5.Bxc4 c5 6.O-O a6 7.Qe2 b5 8.Bd3 cxd4
9.exd4 Bb7 10.a4 b4 11.Bg5 Be7 12.Nbd2 Nbd7 13.Rfc1 h6 14.Bf4 Nd5 15.Bg3 O-O
16.Ne4 N7f6 17.Nc5 Bxc5 18.dxc5 Nh5 19.c6 Nxg3 20.hxg3 Bc8 21.Rd1 Qb6 22.Rac1 Ra7
23.Ne5 Rc7 24.Bb1 Ne7 25.Qd3 g6 26.Qf3 Kg7 27.Rd8 Nf5 28.Rxf8 Kxf8 29.g4 Nd4
30.Qe3 Qa7 31.Rd1 Nxc6 32.Qxh6+ Ke7 33.Nxg6+  1-0

[Event "Beijing op"]
[Site "Beijing"]
[Date "1991.??.??"]
[Round "10"]
[White "Malaniuk, Vladimir P"]
[Black "Fominyh, Alexander"]
[Result "1-0"]
[WhiteElo "2500"]
[BlackElo "2535"]

1.d4 d5 2.c4 dxc4 3.e3 e6 4.Bxc4 Nf6 5.Nf3 c5 6.O-O a6 7.a4 Nc6 8.Qe2 cxd4
9.Rd1 Be7 10.exd4 O-O 11.Nc3 Nb4 12.Ne5 b6 13.Ra3 Bb7 14.Rb3 Kh8 15.Qe3 Rc8
16.Qh3 Qe8 17.Be2 Nd7 18.Nc4 Nd5 19.Ne4 Qd8 20.Ncd6 Bc6 21.Nxc8 Qxc8 22.Nc3 N7f6
23.Bg5 Qd7 24.Bxa6 Nxc3 25.Rxc3 Bxa4 26.b3 Bb5 27.Bxb5 Qxb5 28.Bxf6 Bxf6
29.Qd3 Qa5 30.Rdc1 g6 31.Rc7 Qd5 32.Rd1 Kg7 33.Qc4 Rd8 34.Qxd5 Rxd5 35.Rc4 e5
36.Rc6 Bd8 37.Kf1 exd4 38.Ke2 b5 39.Kd3 Ba5 40.Ke4 Rf5 41.f4 Bc3 42.g4 Rf6
43.Rxf6 Kxf6 44.Rd3 h6 45.Rxd4 Bxd4 46.Kxd4 h5 47.h3 hxg4 48.hxg4 Ke6 49.Kc5 f5
50.g5 b4 51.Kc4 Kd6 52.Kd4  1-0

[Event "Belgrade-A"]
[Site "Belgrade"]
[Date "1991.??.??"]
[Round "10"]
[White "Raicevic, Vladimir"]
[Black "Mirkovic, Slobodan"]
[Result "1-0"]
[WhiteElo "2440"]
[BlackElo "2390"]

1.d4 d5 2.Nf3 Nf6 3.c4 dxc4 4.e3 e6 5.Bxc4 c5 6.O-O a6 7.Ne5 b5 8.Qf3 Ra7
9.Bb3 Bb7 10.Qh3 c4 11.Bc2 Nc6 12.a4 Qb8 13.f4 Nb4 14.Bd1 Be7 15.Nc3 Ra8
16.b3 Nbd5 17.Ne2 cxb3 18.Bxb3 O-O 19.g4 Qd8 20.g5 Nd7 21.g6 hxg6 22.Nxg6 f5
23.Nxf8 Nxf8 24.e4 fxe4 25.f5 bxa4 26.Rxa4 Bc6 27.fxe6 Bxa4 28.Bxa4 Rb8 29.Qf5 Nf6
30.Kh1 Rb4 31.Bc6 Qc7 32.d5 Rc4 33.Bf4 Bd6 34.Rg1 Bxf4 35.Nxf4 e3 36.Qxf6 Rxf4
37.Qc3 Rf2 38.d6 Rxh2+ 39.Kxh2 Qxd6+ 40.Rg3 Nxe6 41.Bf3 Qf4 42.Bd5 Qf2+ 43.Rg2  1-0